Introducción a la lógica y al método científico
Saved in:
| Main Authors: | , |
|---|---|
| Format: | Bog |
| Sprog: | spansk |
| Udgivet: |
Buenos Aires
Amorrortu
1971
|
| Udgivelse: | 2a. ed |
| Fag: | |
| Tags: |
Tilføj Tag
Ingen Tags, Vær først til at tagge denne postø!
|
MARC
| LEADER | 00000nam a2200000 a 4500 | ||
|---|---|---|---|
| 001 | UCS9594 | ||
| 003 | CL-VaPUC | ||
| 008 | 971121e19710000AG |||||||||||||||||spa|d | ||
| 082 | 0 | 4 | |a 160 |b COH |2 21 |
| 100 | 0 | |a Cohen, M |e author |9 394812 | |
| 700 | 0 | |a Nagel, E |e author |9 394813 | |
| 245 | 1 | 0 | |a Introducción a la lógica y al método científico |
| 250 | |a 2a. ed | ||
| 300 | |a v | ||
| 942 | |c BK | ||
| 945 | |d 19971121 00:00:00 |a rleighto | ||
| 260 | |a Buenos Aires |b Amorrortu |c 1971 | ||
| 500 | |a v.1: Lógica formal | ||
| 500 | |a v.2: Lóogica aplicada y método científico | ||
| 650 | 0 | |a Lógica |9 256849 | |
| 650 | 0 | |a Metodología |9 256610 | |
| 650 | 0 | |a Ciencias matemáticas |9 354013 | |
| 650 | 0 | |a Lógica formal |9 372553 | |
| 583 | |a last modification |c 19971121 00:00:00 |k Rodrigo Vera | ||
| 999 | |c 263374 |d 263372 | ||
| 952 | |0 0 |1 0 |4 0 |6 160_000000000000000_COH_1971 |7 0 |8 A |9 292639 |a BIBGIM |b BIBGIM |d 2019-11-19 |h v.1 |i 3366944 |o 160 COH 1971 |p 3366944 |r 2025-01-15 |w 2019-11-19 |y BK |k GIM | ||
| 952 | |0 0 |1 0 |4 0 |6 160_000000000000000_COH_1971 |7 0 |8 A |9 292640 |a BIBGIM |b BIBGIM |d 2019-11-19 |h v.2 |i 3366952 |o 160 COH 1971 |p 3366952 |r 2025-01-15 |w 2019-11-19 |y BK |k GIM | ||